| 000 | 00733nam a2200217Ii 4500 | ||
|---|---|---|---|
| 003 | JO-AjNU | ||
| 008 | 230605s9999||||xx |||||||||||||| ||und|| | ||
| 017 | _a1991/12/650 | ||
| 040 |
_aJO-AjNU _bara _erda _cJO-AjNU |
||
| 041 | _aara | ||
| 050 | 1 | 4 | _aPJ6327.H5564 1992 |
| 100 | 3 |
_aالحمور، عبد الفتاح أحمد, _eauthor _914621 |
|
| 245 | 0 | 0 | _aفن الترقيم في اللغة العربية: أصوله وعلاماته |
| 250 | _aط1 | ||
| 264 | 3 | 1 | _aعمان: دار عمار للنشر والتوزيع، 1992 |
| 300 | _a124ص | ||
| 336 |
_atext _btxt _2rdacontent |
||
| 337 |
_aunmediated _bn _2rdamedia |
||
| 338 |
_avolume _bnc _2rdacarrier |
||
| 650 | 4 |
_aالكتابة - اللغة العربية _914622 |
|
| 999 |
_aA3942 _c7510 _d7510 |
||